Culture Générale - Série 2202 - Statistiques

Statistiques générales
  • Ce quiz a été pris 156 fois
  • Le résultat moyen est 5 sur 10
Statistiques - réponses
Question Réponse % Correct
D'après son surnom, quel métal était associé à Margaret Thatcher ? voir photo fer
97%
Dans quel art Camille Saint-Saëns s'est-il illustré ? musique
77%
Dans quel club de football Dominique Rocheteau s'illustra-t-il entre 1972 et 1980 ? nom de la ville Saint-Etienne
76%
De quel fruit la Montmorency est-elle une variété ? cerise
64%
Quel nom porte le ragoût hongrois fait avec des oignons et du paprika ? goulasch
64%
Dans quelle ville des États-Unis se déroule la série "Dexter" ? Miami
41%
Dans quel pays est né le cinéaste Costa-Gavras ? Grèce
40%
Quel fruit entre dans la composition du calisson d’Aix-en-Provence ? melon
31%
Comment s’appellent les habitants de Besançon ? Bisontins
26%
En grammaire française, « autant » est un adverbe de quel mode ? quantité
17%
Aucun quiz correspondant
Distribution des résultats
% des personnes avec chaque résultat
Percentile par nombre de réponses
Votre historique - résultats
Vous n’avez pas pris ce quiz